<?xml version="1.0" encoding="UTF-8"?>
<record
    xmlns:xsi="http://www.w3.org/2001/XMLSchema-instance"
    xsi:schemaLocation="http://www.loc.gov/MARC21/slim http://www.loc.gov/standards/marcxml/schema/MARC21slim.xsd"
    xmlns="http://www.loc.gov/MARC21/slim">

  <leader>01183nam a22002297a 4500</leader>
  <controlfield tag="005">20100809113322.0</controlfield>
  <datafield tag="010" ind1=" " ind2=" ">
    <subfield code="a">HIN-90115</subfield>
  </datafield>
  <datafield tag="020" ind1=" " ind2=" ">
    <subfield code="a">8181500873</subfield>
    <subfield code="c">225.00</subfield>
  </datafield>
  <datafield tag="035" ind1=" " ind2=" ">
    <subfield code="a">HN-62461</subfield>
  </datafield>
  <datafield tag="037" ind1=" " ind2=" ">
    <subfield code="b">DBAD / PUB</subfield>
  </datafield>
  <datafield tag="082" ind1=" " ind2=" ">
    <subfield code="a">&#x915;</subfield>
  </datafield>
  <datafield tag="100" ind1=" " ind2=" ">
    <subfield code="a">&#x916;&#x928;&#x94D;&#x928;&#x93E;, &#x928;&#x935;&#x940;&#x928;</subfield>
    <subfield code="9">9222</subfield>
  </datafield>
  <datafield tag="245" ind1=" " ind2=" ">
    <subfield code="a">&#x92B;&#x942;&#x932;&#x92E;&#x923;&#x93F; &#x915;&#x940; &#x926;&#x93E;&#x938;&#x94D;&#x924;&#x93E;&#x928; &#x924;&#x925;&#x93E; &#x905;&#x928;&#x94D;&#x92F; &#x915;&#x939;&#x93E;&#x928;&#x93F;&#x92F;&#x93E;&#x902; /</subfield>
    <subfield code="c">&#x928;&#x935;&#x940;&#x928; &#x916;&#x928;&#x94D;&#x928;&#x93E;</subfield>
  </datafield>
  <datafield tag="260" ind1=" " ind2=" ">
    <subfield code="a">&#x928;&#x908; &#x926;&#x93F;&#x932;&#x94D;&#x932;&#x940;</subfield>
    <subfield code="b">&#x905;&#x930;&#x93E;&#x935;&#x932;&#x940; &#x92C;&#x941;&#x915;&#x94D;&#x938; &#x907;&#x902;&#x91F;&#x930;&#x928;&#x947;&#x936;&#x928;&#x932;</subfield>
    <subfield code="c">2008</subfield>
  </datafield>
  <datafield tag="270" ind1=" " ind2=" ">
    <subfield code="a">&#x921;&#x92C;&#x94D;&#x932;&#x94D;&#x92F;&#x942; 30, &#x913;&#x916;&#x932;&#x93E; &#x907;&#x902;&#x921;&#x938;&#x94D;&#x91F;&#x94D;&#x930;&#x93F;&#x92F;&#x932; &#x90F;&#x930;&#x93F;&#x92F;&#x93E;, &#x92B;&#x947;&#x91C;-11</subfield>
    <subfield code="b">&#x928;&#x908; &#x926;&#x93F;&#x932;&#x94D;&#x932;&#x940;</subfield>
    <subfield code="e">110020</subfield>
    <subfield code="k">26388830-32</subfield>
    <subfield code="l">26388829</subfield>
  </datafield>
  <datafield tag="300" ind1=" " ind2=" ">
    <subfield code="a">157&#x92A;&#x943;.</subfield>
    <subfield code="c">22&#x938;&#x947;&#x92E;&#x940; (&#x905;&#x91C;&#x93F;&#x932;&#x94D;&#x926;)</subfield>
  </datafield>
  <datafield tag="490" ind1=" " ind2=" ">
    <subfield code="a">&#x91C;&#x93F;&#x938;&#x915;&#x947; &#x92C;&#x932;&#x93F;&#x926;&#x93E;&#x928; &#x938;&#x947; &#x932;&#x917;&#x940; &#x92C;&#x93E;&#x932;-&#x935;&#x93F;&#x935;&#x93E;&#x939; &#x92A;&#x930; &#x930;&#x94B;&#x915;</subfield>
    <subfield code="9">9223</subfield>
  </datafield>
  <datafield tag="650" ind1=" " ind2=" ">
    <subfield code="a">&#x932;&#x918;&#x941; &#x915;&#x925;&#x93E;&#x90F;&#x901;, &#x939;&#x93F;&#x928;&#x94D;&#x926;&#x940;</subfield>
    <subfield code="9">1169</subfield>
  </datafield>
  <datafield tag="700" ind1=" " ind2=" ">
    <subfield code="9">9213</subfield>
  </datafield>
  <datafield tag="942" ind1=" " ind2=" ">
    <subfield code="2">ddc</subfield>
    <subfield code="c">HN</subfield>
    <subfield code="h">&#x915;</subfield>
    <subfield code="m">&#x916;&#x928;&#x94D;&#x928;&#x93E;&#x928;</subfield>
  </datafield>
  <datafield tag="999" ind1=" " ind2=" ">
    <subfield code="c">40314</subfield>
    <subfield code="d">40314</subfield>
  </datafield>
  <datafield tag="952" ind1=" " ind2=" ">
    <subfield code="0">0</subfield>
    <subfield code="1">0</subfield>
    <subfield code="4">0</subfield>
    <subfield code="7">1</subfield>
    <subfield code="8">FIC</subfield>
    <subfield code="a">DBAD</subfield>
    <subfield code="b">DBAD</subfield>
    <subfield code="d">2010-08-09</subfield>
    <subfield code="e">DBAD / PUB</subfield>
    <subfield code="g">225.00</subfield>
    <subfield code="l">0</subfield>
    <subfield code="o">&#x915; &#x916;&#x928;&#x94D;&#x928;&#x93E;&#x928;</subfield>
    <subfield code="p">HN-62461</subfield>
    <subfield code="r">2010-08-09 00:00:00</subfield>
    <subfield code="t">1</subfield>
    <subfield code="v">225.00</subfield>
    <subfield code="w">2010-08-09</subfield>
    <subfield code="y">HN</subfield>
  </datafield>
</record>
